Statistics for Countries with the Fewest People Bordering Them

Click here to take the quiz!

General Stats

  • This quiz has been taken 99 times
  • The average score is 10 of 12

Answer Stats

Population # of borders Hint Country % Correct
10.77 million1AmericasHaiti
97%
4.76 million1EuropeUnited Kingdom
93%
10.98 million1AmericasDominican Republic
93%
10.32 million2AmericasCosta Rica
90%
14.17 million2AmericasNicaragua
86%
10.83 million2EuropeSweden
85%
14.43 million4EuropeKosovo
78%
15.68 million4EuropeAlbania
77%
15.85 million1AfricaGambia
77%
13.61 million3EuropeBosnia and Herzegovina
71%
17.21 million2EuropeLiechtenstein
69%
17.45 million2AfricaSierra Leone
51%

Score Distribution

Percentile by Number Answered

Percent of People with Each Score

Your Score History

You have not taken this quiz